S-wave refraction survey of alluvial aggregate /

Bibliographic Details
Corporate Authors: Geological Survey (U.S.), Lafarge Corporation
Other Authors: Ellefsen, Karl
Format: Government Document Software eBook
Language:English
Published: Reston, Va. : U.S. Geological Survey, 2005.
Edition:Version 1.0.
Series:Scientific investigations report ; 2005-5012.
Subjects:
Online Access:https://purl.fdlp.gov/GPO/LPS69388

MARC

Tag First Indicator Second Indicator Subfields
LEADER 00000cam a2200000Ia 4500
001 in00002125921
005 20211202204151.0
006 m u f
007 co cg|||||||||
008 060424s2005 vauab sb f000 0 eng d
020 |a 1411306627 
024 3 |a 9791411306621 
035 |a (OCoLC)ocm62733304 
040 |a GIS  |c GIS  |d AGL  |d GPO  |d MvI  |d UtOrBLW 
049 |a UDOC 
049 |a WWW 
070 0 |a QE1  |b .S43 no. 2005-5012 
074 |a 0624-B-02 
074 |a 0624-B-02 (online) 
086 0 |a I 19.42/4-4:2005-5012/CD 
110 2 |a Geological Survey (U.S.) 
245 1 0 |a S-wave refraction survey of alluvial aggregate /  |c U.S. Department of the Interior, U.S. Geological Survey ; by Karl J. Ellefsen [and others]. 
250 |a Version 1.0. 
264 1 |a Reston, Va. :  |b U.S. Geological Survey,  |c 2005. 
300 |a 1 CD-ROM :  |b color ;  |c 4 3/4 in. 
336 |a text  |b txt  |2 rdacontent 
337 |a computer  |b c  |2 rdamedia 
338 |a computer disc  |b cd  |2 rdacarrier 
490 1 |a Scientific investigations report ;  |v 2005-5012 
500 |a Shipping List Date: 04/18/2006 
538 |a System requirements: IBM-compatible running Windows 98 SE or higher or NT 4.0 with SP5 or higher with an Intel Pentium ore equivalent processor; Macintosh running Mac OS 9.1 or later with a Power PC or equivalent processor. 
500 |a Title from PDF title screen (viewed on Dec. 21, 2005). 
500 |a "This survey was part of a cooperative research and development agreement between the U.S. Geological Survey and the Lafarge Corporation." 
500 |a Shipping list number: 2006-0011-E. 
504 |a Includes bibliographical references. 
530 |a Also available on the Internet form the USGS web site. Address as of 2/23/07: http://pubs.usgs.gov/sir/2005/5012/; current access via PURL. 
500 |a Electronic resource. 
650 0 |a Seismic prospecting  |z Colorado  |z Yampa River Valley. 
650 0 |a Alluvium  |z Colorado  |z Yampa River Valley. 
650 0 |a Vertical seismic profiling  |z Colorado  |z Yampa River Valley. 
776 1 |a S-wave refraction survey of alluvial aggregate  |h 1 CD-ROM  |w (OCoLC)61434333 
700 1 |a Ellefsen, Karl. 
710 2 |a Lafarge Corporation. 
830 0 |a Scientific investigations report ;  |v 2005-5012. 
856 4 1 |u https://purl.fdlp.gov/GPO/LPS69388  |t 0 
999 |a MARS 
999 f f |s bd132b82-3809-317f-9d28-818b66ceac64  |i 1a84057d-e7ec-35e6-ad92-4a96ad37aea1  |t 0 
952 f f |p normal  |a Texas A&M University  |b College Station  |c Sterling C. Evans Library  |d Evans: US Documents CD-ROMs (Annex 5th floor)  |t 0  |e I 19.42/4-4:2005-5012/CD  |h Superintendent of Documents classification  |i computer -- computer disc  |m A14833510879 
952 f f |a Texas A&M University  |b College Station  |c Electronic Resources  |d Available Online  |t 0  |e I 19.42/4-4:2005-5012/CD  |h Superintendent of Documents classification 
998 f f |a I 19.42/4-4:2005-5012/CD  |t 0  |l Evans: US Documents CD-ROMs (Annex 5th floor) 
998 f f |a I 19.42/4-4:2005-5012/CD  |t 0  |l Available Online